Skip to main content
Your cart is empty.
Your lists
Log in to create your own lists
Your cookies
العربية
English
العربية
Home
Search
Advanced search
Authority search
About
The noble scholar, jurist, historian
His Excellency Dr. Abdul Wahhab bin Ibrahim Abu Sulaiman, may Allah have mercy on him.
He was born in Umm Al-Qura in the year 1356 AH.
Library catalog
Title
Author
Subject
ISBN
ISSN
Series
Call number
Log in to your account
×
Login:
Password:
Home
MARC view: الأسواق في العصر الفاطمي :
Normal view
MARC view
ISBD view
الأسواق في العصر الفاطمي : (Record no. 12078)
[
view plain
]
MARC details
000 -LEADER
fixed length control field
01331cam a2200301 i 4500
003 - CONTROL NUMBER IDENTIFIER
control field
SA-RiAUC
005 - DATE AND TIME OF LATEST TRANSACTION
control field
20250924062308.0
008 - FIXED-LENGTH DATA ELEMENTS--GENERAL INFORMATION
fixed length control field
250810s1997 ua f b 001a0 ara c
020 ## - INTERNATIONAL STANDARD BOOK NUMBER
International Standard Book Number
9772120712
040 ## - CATALOGING SOURCE
Original cataloging agency
JO-MaAABU
Language of cataloging
ara
Transcribing agency
SA-RiAUC
Description conventions
rda
043 ## - GEOGRAPHIC AREA CODE
Geographic area code
f-ua---
082 04 - DEWEY DECIMAL CLASSIFICATION NUMBER
Classification number
953.0738
Assigning agency
SA-RiAUC
090 ## - LOCALLY ASSIGNED LC-TYPE CALL NUMBER (OCLC); LOCAL CALL NUMBER (RLIN)
Classification number (OCLC) (R) ; Classification number, CALL (RLIN) (NR)
953.0738
Local cutter number (OCLC) ; Book number/undivided call number, CALL (RLIN)
س ل ط
100 1# - MAIN ENTRY--PERSONAL NAME
Personal name
سلطان، عبد المنعم عبد الحميد،
Dates associated with a name
توفي 2014
Relator term
مؤلف.
245 12 - TITLE STATEMENT
Title
الأسواق في العصر الفاطمي :
Remainder of title
دراسة وثائقية 358-567 هـ / 969-1171 م /
Statement of responsibility, etc.
عبد المنعم عبد الحميد سلطان.
264 #1 - PRODUCTION, PUBLICATION, DISTRIBUTION, MANUFACTURE, AND COPYRIGHT NOTICE
Place of production, publication, distribution, manufacture
الإسكندرية، مصر :
Name of producer, publisher, distributor, manufacturer
مؤسسة شباب الجامعة،
Date of production, publication, distribution, manufacture, or copyright notice
1997.
300 ## - PHYSICAL DESCRIPTION
Extent
220 صفحة ؛
Dimensions
24 سم
336 ## - CONTENT TYPE
Content type term
نص
Content type code
txt
Source
rdacontent
Materials specified
كتاب
337 ## - MEDIA TYPE
Media type term
بدون وسيط
Media type code
n
Source
rdamedia
338 ## - CARRIER TYPE
Carrier type term
مجلد
Carrier type code
nc
Source
rdacarrier
500 ## - GENERAL NOTE
General note
كشافات : صفحة 189-207.
504 ## - BIBLIOGRAPHY, ETC. NOTE
Bibliography, etc. note
ببليوجرافية : صفحة 211-219.
650 #7 - SUBJECT ADDED ENTRY--TOPICAL TERM
Topical term or geographic name entry element
الأسواق
Geographic subdivision
مصر
General subdivision
تاريخ
Chronological subdivision
العصر الفاطمي، 969-1171
Source of heading or term
aucsh
651 #7 - SUBJECT ADDED ENTRY--GEOGRAPHIC NAME
Geographic name
الدولة الفاطمية
General subdivision
تاريخ
Source of heading or term
aucsh
651 #7 - SUBJECT ADDED ENTRY--GEOGRAPHIC NAME
Geographic name
مصر
General subdivision
تاريخ
Chronological subdivision
العصر الفاطمي، 969-1171
Form subdivision
وسائل سمعية بصرية
Source of heading or term
aucsh
942 ## - ADDED ENTRY ELEMENTS (KOHA)
Source of classification or shelving scheme
Dewey Decimal Classification
Koha item type
Books
Suppress in OPAC
No
949 ## - LOCAL PROCESSING INFORMATION (OCLC)
a
SA-JeALM
d
250810
u
mohamedma123
n
1
Holdings
Withdrawn status
Lost status
Source of classification or shelving scheme
Damaged status
Not for loan
Home library
Current library
Date acquired
Total checkouts
Full call number
Barcode
Date last seen
Price effective from
Koha item type
Dewey Decimal Classification
DR AbdElwahab Library
DR AbdElwahab Library
09/24/2025
953.0738 س ل ط
000019438
09/24/2025
09/24/2025
Books
Place hold
Print
Add to your cart
(remove)
Save record
BIBTEX
Dublin Core
MARCXML
MARC (non-Unicode/MARC-8)
MARC (Unicode/UTF-8)
MARC (Unicode/UTF-8, Standard)
MODS (XML)
RIS
ISBD
More searches
Search for this title in:
Other Libraries (WorldCat)
Other Databases (Google Scholar)
Online Stores (Bookfinder.com)
Open Library (openlibrary.org)
Exporting to Dublin Core...
×
Simple DC-RDF
OAI-DC
SRW-DC